| 000 | 01074cam a22003257a 4500 | ||
|---|---|---|---|
| 003 | CHAP | ||
| 005 | 20220329142608.0 | ||
| 008 | 010926d2000 mx r 00110 spa d | ||
| 010 | _a85448 | ||
| 011 | _a86420 | ||
| 020 | _a0139241191 | ||
| 035 | _a96958 | ||
| 040 | _cCHAP | ||
| 082 | 0 | 4 |
_a547 _bB32 2000 |
| 100 | 0 | 0 |
_aBailey, Philip S., Jr. _99448 |
| 245 | 1 | 0 |
_aOrganic chemistry : _ba brief survey of concepts and applications _c//by Philip S. Bailey, Jr. and Christina A. Bailey |
| 250 | _a6ed. | ||
| 260 |
_aUpper Saddle River, N.J. : _bPrentice Hall, _c2000. |
||
| 300 |
_a112 p. : _bilus. |
||
| 590 |
_aBATCH-UPD _b10 _c20130110 _lUCH01 _h0708 |
||
| 590 |
_aBATCH-UPD _b10 _c20130410 _lUCH01 _h0353 |
||
| 590 |
_aBATCH-UPD _b10 _c20130914 _lUCH01 _h0522 |
||
| 590 |
_aCONVERSION _b10 _c20130109 _lUCH01 _h1347 |
||
| 650 | 1 | 4 |
_aQuímica orgánica. _993598 |
| 700 | 0 | 0 |
_aBailey, Christina A. _99429 |
| 901 | _aBK | ||
| 905 | _aAlejandra Carrasco M. | ||
| 942 | _cLIBRO | ||
| 949 |
_a547 B32 2000 _bBC _cLIBRO _d33724000862215 _eLIBRO _h102209 _i96958 _kI.212449 _si _t$ 796.00 |
||
| 999 |
_c85448 _d85448 |
||